Irrigation in the world: Comparative developments (Record no. 29620)

MARC details
000 -LEADER
fixed length control field 00354nam a2200133Ia 4500
082 ## - DEWEY DECIMAL CLASSIFICATION NUMBER
Classification number 631.67
Item number FUK
100 ## - MAIN ENTRY--AUTHOR NAME
Personal name FUKUDA, Hitashi
245 #0 - TITLE STATEMENT
Title Irrigation in the world: Comparative developments
260 ## - PUBLICATION, DISTRIBUTION, ETC. (IMPRINT)
Place of publication Tokyo
Name of publisher University of Tokyo
Year of publication 1976
650 ## - SUBJECT ADDED ENTRY--TOPICAL TERM
Topical Term Drainage
650 ## - SUBJECT ADDED ENTRY--TOPICAL TERM
Topical Term Irrigation
942 ## - ADDED ENTRY ELEMENTS (KOHA)
Koha item type Books
Holdings
Withdrawn status Lost status Damaged status Not for loan Home library Current library Date acquired Full call number Accession Number Koha item type
        RRII Library RRII Library 16/12/2021 631.67 FUK 10203 Books